| 000 | 01018nam a2200265 a 4500 | ||
|---|---|---|---|
| 001 | 000024884 | ||
| 005 | 20200930023428.0 | ||
| 008 | 110207s1967 mx a r 000 0 spa d | ||
| 040 |
_aDO-SdBNP _bspa _cBNPHU |
||
| 041 | 1 | 7 |
_aspa _heng _2Código de idiomas MARC |
| 082 |
_ann* _bnn* |
||
| 100 | 1 |
_aPerkins, James A. _951072 |
|
| 240 | 1 | 4 |
_aThe university in transition. _lEspañol |
| 245 | 1 | 3 |
_aLa universidad en transición / _cJames A. Perkins ; traducción de Catalina Castro ; revisión de la traducción Luz María Trejo de Hernández. |
| 260 |
_aMéxico, D. F. : _bUnión Tipográfica Editorial Hispano Americana, _c1967. |
||
| 300 |
_a134 p. : _bil. ; _c17 cm. |
||
| 490 | 1 |
_aManuales Uteha. _v354 |
|
| 490 | 1 | _aSección 17. Educación | |
| 534 |
_a[Título original] : _tThe university in transition |
||
| 700 | 1 |
_aTrejo de Hernández, Luz María. _951073 |
|
| 700 | 1 |
_aCastro, Catalina, _etr. _951039 |
|
| 830 | 0 |
_aManuales Uteha. _v354 _943616 |
|
| 830 | 0 |
_aSección 17, _pEducación _951074 |
|
| 049 | _aBNGR | ||
| 999 |
_c24377 _d24377 |
||